[Event "Maranhao LMX op 23rd final"]
[Site "Sao Luis"]
[Date "2017.12.03"]
[Round "4.4"]
[White "Cardoso Da Silva, Roberto"]
[Black "De S Oliveira, Francinato Meneze"]
[Result "1/2-1/2"]
[WhiteElo "1922"]
[BlackElo "2015"]
[PlyCount "23"]
[EventDate "2017.12.01"]
[EventType "swiss"]
[EventRounds "5"]
[EventCountry "BRA"]
[SourceTitle "EXT 2019"]
[Source "ChessBase"]
[SourceDate "2018.10.10"]
[SourceVersion "1"]
[SourceVersionDate "2018.10.10"]
[SourceQuality "1"]

1. d4 f5 2. Bg5 Nf6 3. Nf3 e6 4. e3 c6 5. c3 d5 6. Nbd2 Be7 7. Bxf6 Bxf6 8. Bd3 Nd7 9. 0-0 0-0 10. Qc2 Kh8 11. Ne1 Be7 12. Ndf3 1/2-1/2

[Event "Caxias LMX Maranhense 20th"]
[Site "Caxias do Sul"]
[Date "2017.08.26"]
[Round "2.2"]
[White "Abreu, Nilton Silva"]
[Black "Cardoso Da Silva, Roberto"]
[Result "1/2-1/2"]
[WhiteElo "1990"]
[BlackElo "1930"]
[PlyCount "216"]
[EventDate "2017.08.25"]
[EventType "swiss"]
[EventRounds "5"]
[EventCountry "BRA"]
[SourceTitle "EXT 2022"]
[Source "ChessBase"]
[SourceDate "2021.10.06"]
[SourceVersion "1"]
[SourceVersionDate "2021.10.06"]
[SourceQuality "1"]

1. d4 Nf6 2. Nf3 g6 3. Nbd2 d5 4. Ne5 Bg7 5. Ndf3 Nbd7 6. Bf4 a5 7. h3 Ne4 8. e3 c6 9. Bd3 Qb6 10. Rb1 Ndf6 11. 0-0 0-0 12. Nd2 Nxd2 13. Qxd2 Nh5 14. Bh2 Bh6 15. c3 f6 16. Nf3 Ng7 17. Qc2 Bf5 18. e4 dxe4 19. Bxe4 Rfe8 20. g4 Bxe4 21. Qxe4 Qd8 22. h4 f5 23. gxf5 gxf5 24. Qe5 Qd5 25. Qxd5+ cxd5 26. Rfe1 Ra6 27. Re5 e6 28. Rbe1 Kf7 29. R5e2 Nh5 30. Ne5+ Kg8 31. Kh1 Re7 32. Rg1+ Rg7 33. Nd7 Rxg1+ 34. Kxg1 Bf8 35. Kg2 Be7 36. Kh3 b5 37. Nb8 Rb6 38. Bc7 Rb7 39. Be5 Kf7 40. Nc6 Bf6 41. Re1 a4 42. b3 Rb6 43. Nb4 Bxe5 44. Rxe5 axb3 45. axb3 Rb7 46. Nd3 Rc7 47. Nc5 Rc6 48. Re1 Nf6 49. f3 b4 50. cxb4 Rb6 51. Nd3 Nd7 52. Rc1 Rb7 53. Kg3 Kf6 54. Rc6 Nf8 55. Ra6 Rg7+ 56. Kf2 Rb7 57. Ke3 Ng6 58. h5 f4+ 59. Ke2 Nf8 60. Nxf4 Kf5 61. Nd3 Kg5 62. Ra8 Nd7 63. Re8 Kf6 64. Kd2 Kf7 65. Rd8 Nf6 66. h6 Ke7 67. Ra8 Kf7 68. Ra6 Ng8 69. Rxe6 Rxb4 70. Nxb4 Kxe6 71. Nd3 Nxh6 72. Nf4+ Kd6 73. Nh5 Nf5 74. Kd3 Nh4 75. f4 Nf5 76. b4 h6 77. b5 Ne7 78. Ng3 Kc7 79. Kc3 Kb6 80. Kb4 h5 81. f5 h4 82. f6 Ng6 83. Nf1 h3 84. f7 Nf8 85. Nh2 Ne6 86. Nf3 Nf8 87. Kc3 Kxb5 88. Kd3 Kc6 89. Ke3 Kd7 90. Kf2 Ke7 91. Ne5 Kf6 92. Kg3 Kf5 93. Kxh3 Ke4 94. Nc6 Kf4 95. Kh4 Kf5 96. Kg3 Ne6 97. Kf2 Kf6 98. Ne5 Kf5 99. Ke3 Kf6 100. Kd3 Ke7 101. Ke3 Kf8 102. Kd3 Ke7 103. Ke3 Kf8 104. Kd3 Ke7 105. Kc3 Kf8 106. Kb4 Nxd4 107. Kc5 Nf3 108. Kxd5 Nxe5 1/2-1/2

[Event "Imperatriz LMX Maranhense 19th"]
[Site "Imperatriz"]
[Date "2017.07.25"]
[Round "4.5"]
[White "Gadelha Junior, Antonio Edson"]
[Black "Cardoso Da Silva, Roberto"]
[Result "0-1"]
[WhiteElo "1769"]
[BlackElo "1930"]
[PlyCount "76"]
[EventDate "2017.07.23"]
[EventType "swiss"]
[EventRounds "5"]
[EventCountry "BRA"]
[SourceTitle "EXT 2022"]
[Source "ChessBase"]
[SourceDate "2021.10.06"]
[SourceVersion "1"]
[SourceVersionDate "2021.10.06"]
[SourceQuality "1"]

1. e4 b6 2. Nc3 d6 3. Nf3 Nf6 4. Bc4 g6 5. d3 Bg7 6. 0-0 0-0 7. Be3 Bb7 8. a3 h6 9. Qd2 Kh7 10. Ne2 d5 11. e5 Ng4 12. h3 Nxe3 13. Qxe3 dxc4 14. d4 e6 15. b3 cxb3 16. cxb3 Nc6 17. Rac1 Ne7 18. Ng3 Nd5 19. Qd2 Rc8 20. Ne2 Qe7 21. b4 Rfd8 22. g4 Nxb4 23. Qe3 Bxf3 24. Qxf3 Nd5 25. Kg2 Rd7 26. Ng3 c5 27. Ne4 Rdc7 28. Nd6 Rf8 29. Ne4 cxd4 30. Rxc7 Qxc7 31. h4 Bxe5 32. g5 Nf4+ 33. Kg1 hxg5 34. hxg5 Rh8 35. a4 Kg7 36. a5 f6 37. gxf6+ Bxf6 38. axb6 Ne2+ 0-1

[Event "Buriticupu LMX Maranhense 18th"]
[Site "Buriticupu"]
[Date "2017.06.28"]
[Round "4.5"]
[White "De S Oliveira, Francinato Meneze"]
[Black "Cardoso Da Silva, Roberto"]
[Result "1-0"]
[WhiteElo "2043"]
[BlackElo "1935"]
[PlyCount "75"]
[EventDate "2017.06.26"]
[EventType "swiss"]
[EventRounds "5"]
[EventCountry "BRA"]
[SourceTitle "EXT 2022"]
[Source "ChessBase"]
[SourceDate "2021.10.06"]
[SourceVersion "1"]
[SourceVersionDate "2021.10.06"]
[SourceQuality "1"]

1. e4 b6 2. d4 c5 3. dxc5 bxc5 4. Qd5 Nc6 5. Qxc5 e5 6. Qe3 Nf6 7. Nf3 Be7 8. Bc4 h6 9. 0-0 0-0 10. Nc3 d6 11. Bd2 Rb8 12. Bb3 Ba6 13. Rfd1 Ng4 14. Qe1 Bh4 15. g3 Be7 16. Nd5 Kh7 17. h3 Nf6 18. Nxf6+ Bxf6 19. Bc3 Qe7 20. Qd2 Rfd8 21. Qd5 Bb5 22. a4 Be2 23. Qxc6 Bxf3 24. Rd3 Bh5 25. f3 Bg6 26. Ba5 Rd7 27. Rad1 Bg5 28. Rxd6 Be3+ 29. Kg2 Rdb7 30. Rd7 Rxd7 31. Rxd7 Qg5 32. h4 Qh5 33. Bd8 Rb6 34. Bxb6 axb6 35. Rd8 Bc5 36. Bd5 Be7 37. Qe8 Bxd8 38. Qxd8 1-0

[Event "Sao Luis Maranhese Cup 11th"]
[Site "Sao Luis"]
[Date "2017.03.26"]
[Round "5"]
[White "Lobo, Pedro Aluizio de Ab"]
[Black "Cardoso Da Silva, Roberto"]
[Result "0-1"]
[WhiteElo "1587"]
[BlackElo "1914"]
[PlyCount "56"]
[EventDate "2017.03.24"]
[EventType "swiss"]
[EventRounds "5"]
[EventCountry "BRA"]
[SourceTitle "CBM 177 Extra"]
[Source "ChessBase"]
[SourceDate "2017.04.27"]
[SourceVersion "1"]
[SourceVersionDate "2017.04.27"]
[SourceQuality "1"]

1. e4 e6 2. d4 c6 3. Nf3 Nf6 4. e5 Nd5 5. Bd3 g6 6. 0-0 f5 7. exf6 Nxf6 8. Nc3 Bg7 9. Bg5 0-0 10. Qd2 Qc7 11. h3 d6 12. Rfe1 b5 13. a3 a5 14. Bh6 Na6 15. Bxg7 Qxg7 16. Ne4 d5 17. Neg5 Nc7 18. Ne5 Bb7 19. Nef3 Rae8 20. Qxa5 h6 21. Nxe6 Nxe6 22. Ne5 Nf4 23. Re3 Re6 24. Rg3 Ne4 25. Rf3 Ref6 26. Rf1 Bc8 27. g4 Ng5 28. h4 Nxf3+ 0-1

[Event "Parauapebas CXCP op 1st"]
[Site "Parauapebas"]
[Date "2017.03.04"]
[Round "3.5"]
[White "Almeida, Talita Medrado"]
[Black "Cardoso Da Silva, Roberto"]
[Result "1/2-1/2"]
[WhiteElo "1828"]
[BlackElo "1914"]
[PlyCount "128"]
[EventDate "2017.03.03"]
[EventType "swiss"]
[EventRounds "6"]
[EventCountry "BRA"]
[SourceTitle "EXT 2022"]
[Source "ChessBase"]
[SourceDate "2021.10.06"]
[SourceVersion "1"]
[SourceVersionDate "2021.10.06"]
[SourceQuality "1"]

1. e4 e6 2. d3 b6 3. Nf3 Nf6 4. g3 Be7 5. Bg2 0-0 6. 0-0 Bb7 7. Re1 c5 8. Nbd2 d5 9. e5 Nfd7 10. Nf1 Nc6 11. h4 Qc7 12. Bf4 Rfe8 13. N1h2 Rad8 14. h5 c4 15. Ng4 cxd3 16. cxd3 Rc8 17. Rc1 Qd8 18. a3 Rc7 19. h6 g6 20. Nf6+ Bxf6 21. exf6 Rc8 22. Bg5 e5 23. Bh3 Na5 24. Qa4 Rxc1 25. Rxc1 Nc5 26. Qc2 Nab3 27. Rd1 d4 28. Bg2 Qd7 29. Nd2 Bxg2 30. Kxg2 Nxd2 31. Qxd2 Qd5+ 32. f3 Nb3 33. Qc2 b5 34. Re1 a5 35. Bf4 a4 36. Rxe5 Qd7 37. Qc7 Qc8 38. Re7 Rf8 39. Qxc8 Rxc8 40. Rc7 Rxc7 41. Bxc7 Kf8 42. f4 Ke8 43. Kf3 Kd7 44. Be5 Nc5 45. Ke2 Nb3 46. g4 Ke6 47. Kf3 g5 48. Ke4 gxf4 49. Bxf4 Kxf6 50. Kd5 Ke7 51. Kc6 Ke6 52. Kxb5 Kd5 53. Bc7 Nc5 54. Bb8 Nxd3 55. Kxa4 Nxb2+ 56. Kb3 Nc4 57. a4 d3 58. a5 d2 59. Kc2 Kc6 60. a6 d1Q+ 61. Kxd1 Ne3+ 62. Ke2 Nxg4 63. Bf4 Kb6 64. Kf3 Nxh6 1/2-1/2

[Event "Santa Luzia LMX Maranhense 7th"]
[Site "Santa Luzia"]
[Date "2016.03.26"]
[Round "2.1"]
[White "Luz, Edmundo Reis"]
[Black "Cardoso Da Silva, Roberto"]
[Result "1/2-1/2"]
[WhiteElo "2157"]
[BlackElo "1827"]
[PlyCount "28"]
[EventDate "2016.03.25"]
[EventType "swiss"]
[EventRounds "5"]
[EventCountry "BRA"]
[SourceTitle "EXT 2022"]
[Source "ChessBase"]
[SourceDate "2021.10.06"]
[SourceVersion "1"]
[SourceVersionDate "2021.10.06"]
[SourceQuality "1"]

1. e4 Nc6 2. d4 d5 3. exd5 Qxd5 4. Nf3 e5 5. dxe5 Qxd1+ 6. Kxd1 Bg4 7. Bf4 0-0-0+ 8. Nbd2 Bc5 9. Bg3 Nh6 10. h3 Bxf3+ 11. gxf3 Nf5 12. f4 Nxg3 13. fxg3 Be3 14. Rh2 g5 1/2-1/2

[Event "Parauapebas Paraense-ch"]
[Site "Parauapebas"]
[Date "2015.11.22"]
[Round "5"]
[White "Abreu, Nilton Silva"]
[Black "Cardoso Da Silva, Roberto"]
[Result "1-0"]
[WhiteElo "2044"]
[BlackElo "1814"]
[PlyCount "71"]
[EventDate "2015.11.20"]
[EventType "swiss"]
[EventRounds "6"]
[EventCountry "BRA"]
[SourceTitle "CBM 169 Extra"]
[Source "ChessBase"]
[SourceDate "2015.12.18"]
[SourceVersion "1"]
[SourceVersionDate "2015.12.18"]
[SourceQuality "1"]

1. e4 b6 2. d4 e6 3. a3 g6 4. Be3 Bg7 5. Nf3 Nf6 6. Bd3 Bb7 7. Nbd2 Ng4 8. Bf4 d6 9. h3 Nf6 10. Qe2 Nbd7 11. c4 Qe7 12. b4 e5 13. dxe5 dxe5 14. Be3 c5 15. b5 Nh5 16. Bc2 f5 17. Bg5 Qe6 18. exf5 gxf5 19. 0-0-0 e4 20. g4 Nf4 21. Bxf4 Qf6 22. Rde1 0-0-0 23. Qe3 Qa1+ 24. Bb1 exf3 25. Qb3 Rhe8 26. Bg5 Ne5 27. Bxd8 Rxd8 28. Re3 Bh6 29. Rhe1 fxg4 30. hxg4 Nxg4 31. Rd3 Rd4 32. Rxd4 Qxd4 33. Qd3 Nxf2 34. Qf5+ Qd7 35. Re8+ Kc7 36. Qe5+ 1-0

[Event "Parauapebas Paraense-ch"]
[Site "Parauapebas"]
[Date "2015.11.21"]
[Round "4"]
[White "Silva, Janio Santos"]
[Black "Cardoso Da Silva, Roberto"]
[Result "0-1"]
[WhiteElo "1832"]
[BlackElo "1814"]
[PlyCount "74"]
[EventDate "2015.11.20"]
[EventType "swiss"]
[EventRounds "6"]
[EventCountry "BRA"]
[SourceTitle "CBM 169 Extra"]
[Source "ChessBase"]
[SourceDate "2015.12.18"]
[SourceVersion "1"]
[SourceVersionDate "2015.12.18"]
[SourceQuality "1"]

1. d4 e6 2. c4 c5 3. e3 cxd4 4. Qxd4 Nc6 5. Qd1 Nf6 6. Nf3 b6 7. Be2 Bb4+ 8. Bd2 Qe7 9. a3 Bxd2+ 10. Nbxd2 Bb7 11. 0-0 0-0 12. b4 d5 13. cxd5 Nxd5 14. Qb3 Rfd8 15. Rfd1 Qf6 16. Ne4 Qe7 17. Ng3 Rac8 18. Rac1 h6 19. h3 a6 20. Kh2 b5 21. Rc5 Na7 22. Qc2 Rxc5 23. Qxc5 Qxc5 24. bxc5 Rc8 25. e4 Nc3 26. Rd7 Nxe2 27. Nxe2 Rxc5 28. Ng3 g6 29. Ne1 Rc3 30. Nd3 Bc6 31. Rd8+ Kg7 32. Ne5 Rxa3 33. f3 b4 34. Rd4 b3 35. Rb4 Bb5 36. Nh1 f6 37. Ng4 Nc6 0-1

[Event "Caxias LMX Etapa de Caxias 3rd"]
[Site "Caxias do Sul"]
[Date "2015.07.25"]
[Round "2.3"]
[White "Lobato, Nivaldo"]
[Black "Cardoso Da Silva, Roberto"]
[Result "1-0"]
[WhiteElo "2104"]
[BlackElo "1861"]
[PlyCount "61"]
[EventDate "2015.07.24"]
[EventType "swiss"]
[EventRounds "5"]
[EventCountry "BRA"]
[SourceTitle "EXT 2022"]
[Source "ChessBase"]
[SourceDate "2021.10.06"]
[SourceVersion "1"]
[SourceVersionDate "2021.10.06"]
[SourceQuality "1"]

1. e4 Nc6 2. d4 e5 3. dxe5 Nxe5 4. f4 Ng6 5. Nf3 d6 6. Bc4 Be7 7. 0-0 Nf6 8. Nc3 0-0 9. Kh1 a6 10. a4 Be6 11. Bxe6 fxe6 12. Ng5 Qc8 13. Qe2 c6 14. Bd2 h6 15. f5 hxg5 16. fxg6 Qe8 17. e5 dxe5 18. Qxe5 Qxg6 19. Qxe6+ Rf7 20. Rf5 Rd8 21. Ne4 g4 22. Bc3 Rd6 23. Nxd6 Bxd6 24. Rd1 Bxh2 25. Rd8+ Kh7 26. Kxh2 g3+ 27. Kg1 Qh6 28. Bxf6 Qh2+ 29. Kf1 Qh1+ 30. Ke2 Qxg2+ 31. Kd3 1-0

[Event "BRA-ch sf2 80th"]
[Site "Belem"]
[Date "2013.10.31"]
[Round "1"]
[White "Sales, Gerson de Assis"]
[Black "Cardoso Da Silva, Roberto"]
[Result "1-0"]
[WhiteElo "2169"]
[BlackElo "1894"]
[PlyCount "81"]
[EventDate "2013.10.31"]
[EventType "swiss"]
[EventRounds "7"]
[EventCountry "BRA"]
[SourceTitle "EXT 2016"]
[Source "ChessBase"]
[SourceDate "2015.10.08"]
[SourceVersion "1"]
[SourceVersionDate "2015.10.08"]
[SourceQuality "1"]

1. e4 c6 2. d4 d5 3. Nd2 dxe4 4. Nxe4 Bf5 5. Ng3 Bg6 6. Nf3 h6 7. h4 Nf6 8. h5 Bh7 9. Bd3 Bxd3 10. Qxd3 e6 11. Bd2 Bd6 12. Ne4 Nxe4 13. Qxe4 Nd7 14. 0-0-0 Nf6 15. Qe2 Qb6 16. Kb1 0-0-0 17. Ne5 Bxe5 18. dxe5 Nd5 19. c4 Nb4 20. a3 Na6 21. Be3 Qb3 22. Rd6 Rxd6 23. exd6 c5 24. Rh3 Qb6 25. Bf4 Qd8 26. Ka1 Kd7 27. Rg3 Rg8 28. Bd2 f6 29. Qe4 Qc8 30. Qh7 Nb8 31. Bxh6 Kxd6 32. Bxg7 Nc6 33. h6 Nd4 34. Qe4 Qe8 35. Rh3 Qa4 36. Qd3 Kc6 37. h7 Rd8 38. h8Q Rxh8 39. Bxh8 Nc2+ 40. Ka2 Nd4 41. Bxf6 1-0

[Event "Luiz Rego Memorial"]
[Site "Teresina"]
[Date "2013.08.18"]
[Round "5"]
[White "Cardoso Da Silva, Roberto"]
[Black "Abreu Santos, Eudismar"]
[Result "1/2-1/2"]
[WhiteElo "1879"]
[BlackElo "2164"]
[PlyCount "120"]
[EventDate "2013.08.16"]
[EventType "swiss"]
[EventRounds "6"]
[EventCountry "BRA"]
[SourceTitle "EXT 2014"]
[Source "ChessBase"]
[SourceDate "2013.11.20"]
[SourceVersion "1"]
[SourceVersionDate "2013.11.20"]
[SourceQuality "1"]

1. d4 Nf6 2. c4 g6 3. Nc3 Bg7 4. e4 d6 5. Nf3 0-0 6. Be2 e5 7. dxe5 dxe5 8. Qxd8 Rxd8 9. Bg5 Re8 10. Nd5 Nxd5 11. cxd5 c6 12. Bc4 cxd5 13. Bxd5 Nc6 14. Bxc6 bxc6 15. Rc1 Rb8 16. b3 Rb6 17. 0-0 Ra6 18. Rc2 f5 19. Be3 Rd8 20. Nd2 fxe4 21. h3 Be6 22. Nb1 h5 23. Nc3 Bf5 24. Na4 Bf8 25. Rfc1 Ba3 26. Re1 Rd5 27. Rc4 c5 28. Re2 Rd1+ 29. Kh2 Rd4 30. Rec2 Be6 31. Rxc5 Bxc5 32. Nxc5 Rc6 33. Bxd4 exd4 34. b4 d3 35. Rd2 Bd5 36. Kg3 a5 37. a3 axb4 38. axb4 Rb6 39. Nd7 Rd6 40. Nc5 Ba8 41. Kf4 Rd4 42. Na6 Bc6 43. Ke3 Rc4 44. Rb2 Kf7 45. b5 Rc2 46. Rxc2 dxc2 47. Kd2 Bxb5 48. Nb4 Bf1 49. g3 c1Q+ 50. Kxc1 Bxh3 51. Kd2 Ke6 52. Ke3 Bg2 53. Nc6 g5 54. Nd4+ Ke5 55. Nc2 h4 56. f4+ exf3 57. gxh4 gxh4 58. Ne1 h3 59. Nxf3+ Kf5 60. Kf2 Kg4 1/2-1/2